LEADER 01701nam a2200313 u 4500 001 000000021615 003 CaOOAMICUS 005 20070226111031.0 008 950328s1978 be u000 u eng u 035 $a10536792 040 $aBAV$bita$dIPA$dEFR 041 1 $aeng$asyr 100 0 $aPhiloxenus,$cvesc. di Hierapolis,$dm. c. 523.$0(OLS)http://pul/name/18530 245 10$aFragments of the Commentary on Matthew and Luke /$cPhiloxenus of Mabbug ; edited [-translated] by J.W. Watt. 260 $aLouvain :$bSecrétariat du CorpusSCO,$c1978. 300 $a2 v. ;$c25 cm 490 1 $aCorpus scriptorum Christianorum Orientalium ;$vv. 392-393.$aScriptores Syri ;$vt. 171-172 505 0 $at. 171. [Texte]. -- t. 172. [Traduction]. 630 04$aBiblia.$pN.T.$pLucas$xCommenti.$0(OLS)http://pul/subject/37891 630 04$aBiblia.$pN.T.$pMatthaeus$xCommenti.$0(OLS)http://pul/subject/37786 700 1 $aWatt, J. W.$q(John W.).$0(OLS)http://pul/name/15844 830 0$aCorpus scriptorum Christianorum Orientalium ;$vv. 392-393.$0(OLS)http://pul/title/40 830 0$aCorpus scriptorum Christianorum Orientalium.$pScriptores Syri ;$vt. 171-172.$0(OLS)http://pul/title/600 850 $aPUL 852 $aPUL$W1$xSL Religione 1$y3$m10(3) H 392-393$j30358$nBK-PRI$b $qStampati$B30358$CPULBib$Z2$F30358 $H89830-89831 $81 852 $aPUL$W1$xSL Religione 1$y3$m10(3) H 392-393$j30358$nBK-PRI$b $qStampati$B30359$CPULBib$Z2$F30359 $H89830-89831 $81 941 1 $a8 996 $6245$aFragments of the Commentary on Matthew and Luke$9(OLS)http://pul/title/30245 996 $6260$aLouvain :$bSecrétariat du CorpusSCO$9(OLS)http://pul/publisher/47859 LEADER 01594nam a2200361 u 4500 001 000000108864 003 CaOOAMICUS 005 20080108093650.0 008 080108s2004 it u000 u ita u 020 $a88-452-9145-6 040 $aPUL$bita$dLDB 041 1 $aita$aeng$alat$heng 100 1 $aHobbes, Thomas,$d1588-1679.$0(OLS)http://pul/name/8095 240 10$aLeviathan.$lItaliano.$0(OLS)http://pul/title/107536 245 10$aLeviatano /$cThomas Hobbes; testo inglese del 1651 a fronte, testo latino del 1668 in nota ; a cura di Raffaella Santi. 250 $a2. ed. 260 $aMilano :$bBompiani,$c2004. 300 $alix, 1313 p. ;$c22 cm. 490 1 $aBompiani Il pensiero occidentale 500 $aInclude indici. 504 $aRiferimenti bibliografici in nota. 546 $aTesto in italiano con testo a fronte in inglese, testo in nota in latino. 650 4$aStato$xConcetto$xStoria$ySec. XV-XVII.$0(OLS)http://pul/subject/25568 650 14$aFilosofia politica$ySec. XVI-XVII.$0(OLS)http://pul/subject/26012 700 1 $aSanti, Raffaella.$0(OLS)http://pul/name/38389 830 0$aBompiani Il pensiero occidentale.$0(OLS)http://pul/title/99836 850 $aPUL 852 $aPUL$W1$xSL Filosofia 3$y81$m190 COLL 2.37$j124536$qDDC 21$B123071$CPULBib$Z2$F123071 $H106029 $82 941 1 $a9 983 3$aIl pensiero occidentale (Bompiani) 996 $6020$a88-452-9145-6$9(OLS)http://pul/number/136578 996 $6245$aLeviatano$9(OLS)http://pul/title/79846 996 $6260$aMilano :$bBompiani$9(OLS)http://pul/publisher/48240 LEADER 01355nam a2200325 a 4500 001 000000131439 003 CaOOAMICUS 005 20121120132343.0 008 121120s2012 it a u000 u ita r 040 $aPUL$bita 041 1 $aita$heng 082 04$a940.1 100 1 $aGravett, Christopher.$0(OLS)http://pul/name/83343 240 10$aEnglish Medieval knight 1300-1400.$lItaliano.$0(OLS)http://pul/title/166039 245 10$aCavalieri medievali /$cChristopher Gravett ; illustrazioni di Graham Turner. 260 $aMilano :$bRBA Italia,$c©2012. 300 $a72 p. :$bill. ;$c25 cm. 490 1 $aBiblioteca Osprey Medioevo ;$v35 500 $aPubblicazione periodica settimanale. 504 $aInclude riferimenti bibliografici e indice. 650 4$aCavalieri e cavalleria.$0(OLS)http://pul/subject/11667 700 1 $aTurner, Graham.$0(OLS)http://pul/name/82283 830 0$aBiblioteca Osprey Medioevo ;$v35.$0(OLS)http://pul/title/162235 850 $aPUL 852 $aPUL$W1$xDP2 Filosofia 3$y112$m940. 1 COLL 3.35$j151720$qDDC 21$B150640$CPULBib$Z2$F150640 $H121092 $82 941 1 $a9 996 $6082$a940.1$9(OLS)http://pul/classification/198 996 $6245$aCavalieri medievali$9(OLS)http://pul/title/166040 996 $6260$aMilano :$bRBA Italia$9(OLS)http://pul/publisher/80118 LEADER 01153nam a2200277 a 4500 001 000000135967 003 CaOOAMICUS 005 20131023150209.0 008 131023s1965 it a u000 u ita r 040 $aPUL$bita 041 1 $aita$heng 100 1 $aDickens, Charles,$d1812-1870.$0(OLS)http://pul/name/56535 245 10$aDavid Copperfield /$cCharles Dickens ; prefazione e traduzione di Cesare Pavese. 260 $aTorino :$bRai$g1965 300 $a331 p. :$bill. ;$c28 cm 490 1 $aQuaderni de La nostra Rai ;$v03 500 $aTesto su due colonne. Suppl. al. n. 12/1965 de La nostra Rai, mensile per il personale della Radiotelevisione Italiana. 700 1 $aPavese, Cesare,$d1908-1950.$0(OLS)http://pul/name/65424 830 0$aQuaderni de La nostra Rai ;$v03.$0(OLS)http://pul/title/171914 850 $aPUL 852 $aPUL$W1$xDP1 Fondo E. Rossi$y115$m2 B 27$j22919$qFondi$B156133$CPULBib$Z2$F156133 $82 941 1 $a1 961 $aSul dorso collocazione ms. di E. Rossi: II 30 996 $6245$aDavid Copperfield$9(OLS)http://pul/title/171913 996 $6260$aTorino :$bRai$9(OLS)http://pul/publisher/82524 LEADER 01308nam a2200325 a 4500 001 000000175393 003 CaOOAMICUS 005 20220823141659.0 008 220823t2019 it 001 0 ita r 020 $a978-88-16-41516-4* 032 $aLibriCat 040 $aPUL$bita$d 082 04$a294.3 100 1 $aPanikkar, Raimundo,$cS.I.,$d1918-2010.$0(OLS)http://pul/name/15891 245 10$aBuddhismo /$cRaimon Panikkar. 260 $aMilano :$bJaca Book,$c©2019. 300 $aXIII, 446 p. ;$c24 cm 490 1 $aOpera omnia / Raimon Panikkar ;$v05 504 $aBibliografia p. 379-428. 650 4$aBuddismo.$0(OLS)http://pul/subject/39882 800 1 $aPanikkar, Raimundo,$cS.I.,$d1918-2010.$tOpera omnia ;$v05.$0(OLS)http://pul/nameTitle/836$0(OLS)http://pul/name/15891$0(OLS)http://pul/title/2415 850 $aPUL 852 $aPUL$W1$xSL Religione 3$y85$m230. 092 PANRA 1.5$j199597$qDDC 21$B204317$CPULBib$Z2$F204317 $H175732 $82 941 1 $a9 960 $aBuddhismo$939882 996 $6020$a978-88-16-41516-4*$9(OLS)http://pul/number/168787 996 $6082$a294.3$9(OLS)http://pul/classification/2576 996 $6245$aBuddhismo$9(OLS)http://pul/title/64850 996 $6260$aMilano :$bJaca Book$9(OLS)http://pul/publisher/47900